000 00786nam a2200253 a 4500
001 BRCA_3562
005 20190320204332.0
008 040809s1953----sp-#---###---#000-0#spa-#
041 _aspa
044 _asp
050 4 _aNK999
_b.V56 1953
100 1 _aViolant y Simorra, Ramon
_99248
245 1 0 _aEl arte popular español a través del museo de industrias y artes populares
_cR. Violant Simorra.
260 _aBarcelona, España
_bAyma
_c1953
300 _a149 p.
_bil., 20 láminas
_c26 cm.
500 _aEjemplar numerado 11 de 25
500 _aB230
650 1 4 _aMuseo de Industrias y Artes Populares (Barcelona)
_99249
650 1 4 _aArte popular
_97800
650 1 4 _aArte
_zEspaña
_92064
650 1 4 _aGalerías y museos
_zEspaña
_97331
902 _aGFM
942 _2lcc
_cB
999 _c3297
_d3297